Cartoon Characters by First Names Quiz Stats

 Plays Quiz Updated Jun 13, 2018

Support Sporcle.
Go Orange.
Score 0/24 Timer 05:00
0 Plays Today
% Correct
PEBBLES Flintstone
(The Flintstones)
90.6%
STEWART 'Stewie' Griffin
(Family Guy)
84.1%
CHRISTOPHER Robin
(Winnie the Pooh)
82.9%
Avatar AANG
(Avatar: The Last Airbender)
82.6%
KIMBERLY 'Kim' Possible
(Kim Possible)
81.6%
OLIVE Oyl
(Popeye)
81.3%
ANGELICA Pickles
(Rugrats)
80.2%
CARL Fredricksen
(Up)
78.2%
HELGA Pataki
(Hey Arnold!)
78%
ELROY Jetson
(The Jetsons)
77.6%
CHARLES Brown
(Peanuts)
76.9%
JOHN Smith
(Pocahontas)
76.9%
% Correct
NIGEL Thornberry
(The Wild Thornberrys)
76.7%
CLARABELLE Cow
(Mickey Mouse universe)
75.3%
STERLING Archer
(Archer)
74.8%
LINDA Belcher
(Bob's Burgers)
74.1%
WAYLON Smithers
(The Simpsons)
71.7%
MISTY
(Pokémon)
70.1%
FINN Mertens
(Adventure Time)
69%
DASHIELL 'Dash' Parr
(The Incredibles)
68.4%
TURANGA Leela
(Futurama)
65.9%
LOLA Bunny
(Looney Tunes)
64.2%
PATRICIA 'Patti' Mayonnaise
(Doug)
59.1%
SANDRA 'Sandy' Cheeks
(SpongeBob SquarePants)
58.9%

You're not logged in!

Compare scores with friends on all Sporcle quizzes.
OR
Log In

From the Vault

CGI Voice Actors

by wilycub

There are a lot of ways to capture a performance now.
Remove Ads.
Support Sporcle.
Get the best of Sporcle when you Go Orange. This ad-free experience offers more features, more stats, and more fun while also helping to support Sporcle. Thank you for becoming a member.

Show Comments

Extras

Top Quizzes Today


Score Distribution

Your Account Isn't Verified!

In order to create a playlist on Sporcle, you need to verify the email address you used during registration. Go to your Sporcle Settings to finish the process.

Report this User

Report this user for behavior that violates our Community Guidelines.

Details: